| 000 | 00496nam a2200181Ia 4500 | ||
|---|---|---|---|
| 005 | 20250423100503.0 | ||
| 008 | 250422s9999 xx 000 0 und d | ||
| 020 | _a9781544374390 | ||
| 050 | _aJZ 1305 .N38/ | ||
| 100 | _aNau, Henry R. | ||
| 245 | 0 | _aPerspectives on international relations: power, institutions and ideas | |
| 250 | _a7th ed. | ||
| 260 | _aCalifornia | ||
| 260 | _bSAGE Publications | ||
| 260 | _c2021 | ||
| 650 | _aInternational relations. World politics. | ||
| 942 | _cBK | ||
| 999 |
_c33455 _d33455 |
||